<?xml version="1.0" encoding="UTF-8"?>
<record
    xmlns:xsi="http://www.w3.org/2001/XMLSchema-instance"
    xsi:schemaLocation="http://www.loc.gov/MARC21/slim http://www.loc.gov/standards/marcxml/schema/MARC21slim.xsd"
    xmlns="http://www.loc.gov/MARC21/slim">

  <leader>01800nam a22002417a 4500</leader>
  <controlfield tag="001">6015</controlfield>
  <controlfield tag="003">FISKH</controlfield>
  <controlfield tag="005">20250403101040.0</controlfield>
  <controlfield tag="008">250220b        cb ||||| |||| 00| 0 eng d</controlfield>
  <datafield tag="020" ind1=" " ind2=" ">
    <subfield code="a">9789924913801</subfield>
    <subfield code="c">$8.00</subfield>
  </datafield>
  <datafield tag="040" ind1=" " ind2=" ">
    <subfield code="a">FISKH</subfield>
    <subfield code="b">eng</subfield>
    <subfield code="c">FISKH</subfield>
    <subfield code="d">FISKH</subfield>
  </datafield>
  <datafield tag="050" ind1=" " ind2=" ">
    <subfield code="a">DS554.T43 A3</subfield>
  </datafield>
  <datafield tag="082" ind1=" " ind2=" ">
    <subfield code="a">920 </subfield>
  </datafield>
  <datafield tag="100" ind1=" " ind2=" ">
    <subfield code="a">Thon, Thavry </subfield>
  </datafield>
  <datafield tag="245" ind1=" " ind2=" ">
    <subfield code="a">A proper woman : </subfield>
    <subfield code="b">Life is a beautiful and wonderful gift /</subfield>
    <subfield code="c">Thavry Thon</subfield>
  </datafield>
  <datafield tag="260" ind1=" " ind2=" ">
    <subfield code="a">Phnom Penh : </subfield>
    <subfield code="b">Image Printing, </subfield>
    <subfield code="c">2019. </subfield>
  </datafield>
  <datafield tag="300" ind1=" " ind2=" ">
    <subfield code="a">223 pages : </subfield>
    <subfield code="b">illustrations ; </subfield>
    <subfield code="c">18 cm </subfield>
  </datafield>
  <datafield tag="520" ind1=" " ind2=" ">
    <subfield code="a">This is the true story of a young Cambodian woman who has challenged her country's social and cultural norms throughout her life and as a consequence has become an ambassador for female empowerment. Growing up on an island in the Bassac River, removed from many of the conveniences of modern life and surrounded by traditional customs and thought, Thavry's story is one of inspiration to females around the world. As Cambodia slowly recovers from the great turmoil and destruction of civil war and the Khmer Rouge, rural life largely returned to familiar, century-old ways. For women, this meant marrying young, bearing children and working on the family farm, with little say in anything. But with support from her parents, whose own childhood experiences had been greatly shaped by the four years of Khmer Rouge rule, Thavry was taught to value education as a means of breaking from the confines of the village and to forge her own independent future. Her inspiring story shows that encouraging young women to believe in their dreams - and supporting them to do so - can lead to a freedom to learn and grow unknown to earlier generations.</subfield>
  </datafield>
  <datafield tag="650" ind1=" " ind2=" ">
    <subfield code="a">Sociology, </subfield>
  </datafield>
  <datafield tag="650" ind1=" " ind2=" ">
    <subfield code="a">Biography</subfield>
    <subfield code="v">Nonfiction, </subfield>
  </datafield>
  <datafield tag="942" ind1=" " ind2=" ">
    <subfield code="2">ddc</subfield>
    <subfield code="c">BK</subfield>
    <subfield code="n">0</subfield>
  </datafield>
  <datafield tag="999" ind1=" " ind2=" ">
    <subfield code="c">6015</subfield>
    <subfield code="d">6015</subfield>
  </datafield>
  <datafield tag="952" ind1=" " ind2=" ">
    <subfield code="0">0</subfield>
    <subfield code="1">0</subfield>
    <subfield code="2">ddc</subfield>
    <subfield code="4">0</subfield>
    <subfield code="7">0</subfield>
    <subfield code="8">NFIC</subfield>
    <subfield code="a">002</subfield>
    <subfield code="b">002</subfield>
    <subfield code="c">SNS</subfield>
    <subfield code="d">2025-02-20</subfield>
    <subfield code="l">3</subfield>
    <subfield code="o">THO 920 DS554.T43 A3</subfield>
    <subfield code="p">2025-0652</subfield>
    <subfield code="r">2026-04-21 08:07:16</subfield>
    <subfield code="s">2026-04-10</subfield>
    <subfield code="w">2025-02-20</subfield>
    <subfield code="y">BK</subfield>
  </datafield>
</record>
